Statistics for 4-Letter Movie Chain #3

Click here to take the quiz!

General Stats

  • This quiz has been taken 38,370 times
  • The average score is 14 of 21

Answer Stats

HintAnswer% Correct
Simba's speciesLion
99%
Notable body part of PinocchioNose
99%
First name of Stone and WatsonEmma
86%
Type of people that Haley Joel Osment
saw in "Sixth Sense"
Dead
77%
Austin Powers's nemesis: Doctor ____Evil
76%
The movie "Abominable" was about
this type of creature
Yeti
74%
"____ me the money", said Cuba Gooding Jr.Show
73%
Native American empire featured in
"The Emperor's New Groove"
Inca
69%
The blood of the Xenomorphs in
"Alien" is a corrosive ...
Acid
66%
"Get your stinking ____ off me, you
damned dirty ape!"
Paws
66%
What Thanos did to kill half the universeSnap
66%
"Star Trek" speed that is faster than lightWarp
63%
What the Plastics wear on WednesdaysPink
62%
Ben Affleck movie about rescuing
Iranian hostages
Argo
59%
1976 horror movie about a devil child:
The ____
Omen
54%
Band featured in "Detroit Rock City"KISS
50%
"Noble" nickname of John WayneDuke
48%
Scarlett Johansson used more than 10%
of her brain in this movie
Lucy
48%
Sport featured in "The Hustler"Pool
47%
Marx Brothers movie: Duck ____Soup
43%
Steve Martin holiday movie: Mixed ____Nuts
32%

Score Distribution

Percentile by Number Answered

Percent of People with Each Score

Your Score History

You have not taken this quiz